| 000 | 00781nam a2200205 a 4500 | ||
|---|---|---|---|
| 001 | BRCA_1116 | ||
| 005 | 20190320203303.0 | ||
| 008 | 910430s1988 mx-a---##b---s000-0#spa-# | ||
| 020 | _a9686140204 | ||
| 040 |
_aDLC _cDLC |
||
| 050 | 4 |
_aNB259.R6 _b.R36 1988 |
|
| 100 | 1 |
_aRamírez Montes, Guillermina _93682 |
|
| 245 | 1 | 0 |
_aPedro de Rojas y su taller de escultura en Querétaro _cMina Ramírez Montes |
| 260 |
_aMéxico _bDirección de Patrimonio Cultural, Secretaría de Cultura y Bienestar Social del Gobierno del Estado de Querétaro _c1988 |
||
| 300 |
_a113 p. _bil. (algunas a color) _c21 cm. |
||
| 440 | 0 |
_aDocumentos de Querétaro _v7 _93683 |
|
| 504 | _aBibliografía: p. 110-113 | ||
| 600 | 1 | 4 |
_aRojas, Pedro de _dca. 1699-1773 _xCritica e interpretación _93684 |
| 942 |
_2lcc _cB |
||
| 999 |
_c995 _d995 |
||